| 000 | 00632cam a2200229 i 4500 | ||
|---|---|---|---|
| 001 | 3181120 | ||
| 005 | 20180809080212.0 | ||
| 008 | 770215s1977 nyua b 101 0 eng | ||
| 010 | _a 76051556 | ||
| 020 | _a0890041458 | ||
| 040 |
_aDLC _cDLC _dDLC |
||
| 041 | _aeng | ||
| 060 |
_aW3 KR45 v. 8 1976 _aWG340 J97 1976 |
||
| 080 | _a618.92 NEW | ||
| 082 | 0 | 0 | _a618.92 NEW |
| 100 | _a3 | ||
| 101 | _aSHM | ||
| 245 | 0 | 0 |
_aJuvenile hypertension / _cedited by Maria I. New, Lenore S. Levine. |
| 504 | _aIncludes bibliographical references and index. | ||
| 906 |
_a7 _bcbc _corignew _d1 _eocip _f19 _gy-gencatlg |
||
| 942 |
_2ddc _cBK |
||
| 999 |
_c46981 _d46981 |
||